000 00237 a2200097 4500
001 44158
100 _aFarago, L
245 _aAftermath martin bormann & the fourth reich
260 _aNew York
_bSimon schuster
_c
090 _c27899
_d27899
942 _aNUST-CAE
_cM
_c19889
999 _c279231
_d279231